00597cam a22002291 4500001001300000003000400013005001700017008004100034010001700075035002000092040001800112042001200130050001800142100003300160245004300193260001100236300002600247500001400273504003200287600003100319999001700350sa 68003106 DLC20260227112449.0891011s1967 ii b 000 0 hino  asa 68003106  a(OCoLC)20477294 aDLCcWaUdDLC apremarc00aPK2095.N3bZ91 aUpreti, Bhawani Datt,d1935-00aNandadāsa:bjīvanī aura kāvya. c[1967] a4, 19, 300 p.c23 cm. aIn Hindi. aBibliography: p. [284]-288.00aNandadāsa,dactive 1568. c79239d79239